[Event "LEM M-V 2022"]
[Site "Neubrandenburg, Germany"]
[Date "2022.04.09"]
[Round "2.4"]
[White "Schulz, Gerhard"]
[Black "Raitza, Egon"]
[Result "1-0"]
[WhiteElo "1844"]
[BlackElo "1631"]
[PlyCount "121"]
[EventDate "2022.04.09"]

1. d4 d5 2. Nf3 e6 3. e3 c5 4. c3 Nc6 5. Bd3 cxd4 6. exd4 Be7 7. O-O Nf6 8. Bg5
h6 9. Bh4 O-O 10. Nbd2 b6 11. Re1 Bb7 12. Qe2 Rc8 13. Ne5 Nxe5 14. dxe5 Nd7 15.
Bxe7 Qxe7 16. Rad1 Nc5 17. Bb1 Ba6 18. Qg4 Bd3 19. Re3 Bxb1 20. Rxb1 f5 21.
exf6 Rxf6 22. Rbe1 Rcf8 23. f3 Re8 24. c4 d4 25. Qxd4 Rd8 26. Qc3 Qd6 27. Ne4
Nxe4 28. Rxe4 Qd2 29. Qxd2 Rxd2 30. R4e2 Rxe2 31. Rxe2 Kf7 32. Rd2 Ke7 33. Kf2
Rf5 34. b3 a5 35. g4 Rf4 36. Ke3 g5 37. Rd4 Rf8 38. Rd1 Rc8 39. Ke2 Rc5 40. Rh1
a4 41. h4 axb3 42. axb3 b5 43. hxg5 hxg5 44. Rc1 bxc4 45. Rxc4 Ra5 46. b4 Ra2+
47. Ke3 Ra3+ 48. Ke4 Ra1 49. Ke5 Re1+ 50. Re4 Rb1 51. f4 gxf4 52. Kxf4 Rd1 53.
Kg5 Rd5+ 54. Kg6 e5 55. Kf5 Kd6 56. g5 Rb5 57. g6 Rb8 58. g7 Ke7 59. Kg6 Rg8
60. Rxe5+ Kd6 61. Rh5 1-0

[Event "LEM M-V 2022"]
[Site "Neubrandenburg, Germany"]
[Date "2022.04.09"]
[Round "2.5"]
[White "Ederle, Artöm"]
[Black "Wulff, Jens-Peter"]
[Result "1-0"]
[WhiteElo "1547"]
[BlackElo "1790"]
[PlyCount "97"]
[EventDate "2022.04.09"]

1. e4 c6 2. Nf3 g6 3. d4 Na6 4. c4 Bg7 5. Nc3 Nh6 6. Bf4 f6 7. Qd2 Nf7 8. e5
O-O 9. Rd1 d6 10. Qe3 Qa5 11. e6 Nd8 12. d5 Nb4 13. Qd2 Bxe6 14. dxe6 Nxe6 15.
Be3 f5 16. a3 Bxc3 17. Qxc3 Nc2+ 18. Kd2 Qxc3+ 19. Kxc3 Nxe3 20. fxe3 g5 21. h4
g4 22. Nd4 Ng7 23. Bd3 e5 24. Ne2 Nh5 25. g3 Rf6 26. Rhf1 Raf8 27. Rf2 c5 28.
Rdf1 e4 29. Bc2 Kg7 30. Rg1 Kf7 31. Nf4 Nxf4 32. Rxf4 Ke7 33. b4 b6 34. Rd1 h6
35. Rf2 Rd8 36. Ba4 a6 37. Bc6 Rb8 38. bxc5 bxc5 39. Rdf1 Rff8 40. Rxf5 Rxf5
41. Rxf5 Rb1 42. Bxe4 Rg1 43. Rh5 Rxg3 44. Kd3 Rh3 45. Bf5 Rf3 46. Ke4 Rf1 47.
Bxg4 Ra1 48. Rxh6 Rxa3 49. Re6+ 1-0

[Event "LEM M-V 2022"]
[Site "Neubrandenburg, Germany"]
[Date "2022.04.09"]
[Round "2.7"]
[White "Kunze, Kerstin"]
[Black "Radloff, Arno"]
[Result "1-0"]
[WhiteElo "2056"]
[BlackElo "1595"]
[PlyCount "71"]
[EventDate "2022.04.09"]

1. g3 Nf6 2. Bg2 e6 3. e4 d5 4. e5 Nfd7 5. d4 c6 6. Nh3 h6 7. Nf4 Be7 8. Qg4
Rg8 9. O-O c5 10. c3 cxd4 11. cxd4 Nc6 12. Rd1 Qb6 13. Ne2 Bg5 14. Bxg5 hxg5
15. Nbc3 Qd8 16. Rf1 a6 17. Rad1 Nf8 18. f4 f5 19. exf6 gxf6 20. Qh5+ Kd7 21.
Qf7+ Ne7 22. Qxf6 Qe8 23. fxg5 Nf5 24. Nxd5 Rg6 25. Nb6+ Kc7 26. Nxa8+ Kb8 27.
Qe5+ Kxa8 28. Rxf5 Qd8 29. Rf7 Nd7 30. Qd6 Qxg5 31. Rc1 Qe3+ 32. Kh1 Qxe2 33.
Rxc8+ Ka7 34. Qxd7 Qxb2 35. Qd8 Rg7 36. Ra8# 1-0

[Event "LEM M-V 2022"]
[Site "Neubrandenburg, Germany"]
[Date "2022.04.09"]
[Round "2.8"]
[White "Winkler, Karl"]
[Black "Marzisch, Jens"]
[Result "1/2-1/2"]
[WhiteElo "1922"]
[BlackElo "1563"]
[PlyCount "54"]
[EventDate "2022.04.09"]

1. e4 d6 2. d4 Nf6 3. Nc3 g6 4. Nf3 Bg7 5. Bc4 O-O 6. O-O Nc6 7. d5 Nb8 8. Re1
Ng4 9. h3 Ne5 10. Nxe5 Bxe5 11. f4 Bg7 12. Be3 e5 13. dxe6 Bxe6 14. Bxe6 fxe6
15. Qg4 Qe7 16. Ne2 Nd7 17. Nd4 Rae8 18. Bf2 e5 19. fxe5 Bxe5 20. Qe2 c5 21.
Qc4+ Qf7 22. Qxf7+ Rxf7 23. Nb5 a6 24. Nc7 Ree7 25. Nd5 Re6 26. c3 Nf6 27. Bh4
Nxd5 1/2-1/2

[Event "LEM M-V 2022"]
[Site "Neubrandenburg, Germany"]
[Date "2022.04.09"]
[Round "2.9"]
[White "Langbein, Wolfgang"]
[Black "Wesener, Lorenz"]
[Result "0-1"]
[WhiteElo "1376"]
[BlackElo "1774"]
[PlyCount "96"]
[EventDate "2022.04.09"]

1. d4 Nf6 2. c4 c6 3. Nc3 e6 4. Bg5 Be7 5. Bxf6 Bxf6 6. e4 d6 7. Nf3 O-O 8. e5
dxe5 9. dxe5 Qxd1+ 10. Rxd1 Be7 11. a3 Nd7 12. b4 a5 13. c5 axb4 14. axb4 b6
15. b5 Nxc5 16. bxc6 Rd8 17. Rxd8+ Bxd8 18. Bb5 Ra1+ 19. Nd1 Bc7 20. O-O Ba6
21. Nc3 Rxf1+ 22. Kxf1 Kf8 23. Bxa6 Nxa6 24. Nb5 Ke7 25. Nxc7 Nxc7 26. Nd4 Kd8
27. Ke2 Nd5 28. g3 Nb4 29. f4 Kc7 30. Nb5+ Kxc6 31. Nd6 f6 32. Ne8 fxe5 33.
Nxg7 exf4 34. Nxe6 fxg3 35. hxg3 Nd5 36. Nd4+ Kc5 37. Nc2 b5 38. Kd3 Nb4+ 39.
Kc3 Nxc2 40. Kxc2 Kc4 41. g4 h6 42. Kb2 Kd4 43. Kb3 Ke4 44. Kb4 Kf4 45. Kxb5
Kxg4 46. Kc4 h5 47. Kd3 Kg3 48. Ke2 Kg2 0-1

[Event "LEM M-V 2022"]
[Site "Neubrandenburg, Germany"]
[Date "2022.04.09"]
[Round "2.10"]
[White "Subocz, Gabriel"]
[Black "Wesner, Andy"]
[Result "1-0"]
[WhiteElo "1102"]
[BlackElo "1419"]
[PlyCount "89"]
[EventDate "2022.04.09"]

1. e4 d5 2. exd5 Qxd5 3. Nc3 Qd8 4. Nf3 Nf6 5. d4 Bg4 6. Be2 e6 7. h3 Bh5 8.
Bg5 Be7 9. Qd2 c6 10. O-O Nbd7 11. a3 h6 12. Be3 Nb6 13. Ne5 Bxe2 14. Qxe2 Nbd5
15. Nxd5 Nxd5 16. c4 Nxe3 17. fxe3 Bf6 18. Ng4 Bg5 19. Ne5 Bf6 20. Qh5 O-O 21.
Rf2 Bxe5 22. Qxe5 Qe7 23. Raf1 Qg5 24. Qxg5 hxg5 25. e4 Rad8 26. Rd1 a5 27. d5
exd5 28. exd5 cxd5 29. cxd5 Rd6 30. Rc2 Rb8 31. Kf2 Kf8 32. Ke3 Ke8 33. Ke4 Kd7
34. Rf2 Re8+ 35. Kd4 Rf6 36. Rxf6 gxf6 37. Rd2 Kd6 38. Rf2 Ke7 39. Re2+ Kd8 40.
Rxe8+ Kxe8 41. Kc5 Kd7 42. Kb6 Kd6 43. Kxb7 f5 44. b4 a4 45. b5 1-0

[Event "LEM M-V 2022"]
[Site "Neubrandenburg, Germany"]
[Date "2022.04.09"]
[Round "2.12"]
[White "Betke, Arno"]
[Black "Müller, Rosemarie"]
[Result "1-0"]
[WhiteElo "1753"]
[BlackElo "1319"]
[PlyCount "33"]
[EventDate "2022.04.09"]

1. d4 d5 2. e3 Nf6 3. Nf3 Nc6 4. Nbd2 a6 5. c4 e6 6. a3 Be7 7. b4 O-O 8. Bb2
Bd7 9. Bd3 Na7 10. Rc1 h6 11. O-O c6 12. Ne5 Be8 13. f4 Qc7 14. Bb1 dxc4 15.
Rxc4 Nd5 16. Qc2 Nxe3 17. Qh7# 1-0

[Event "LEM M-V 2022"]
[Site "Neubrandenburg, Germany"]
[Date "2022.04.10"]
[Round "3.2"]
[White "Patzenhauer, Max"]
[Black "Schreiber, Kevin"]
[Result "0-1"]
[WhiteElo "1938"]
[BlackElo "2017"]
[PlyCount "66"]
[EventDate "2022.04.09"]

1. d4 Nf6 2. Nf3 c5 3. e3 g6 4. Bd3 Bg7 5. O-O O-O 6. Nbd2 cxd4 7. exd4 d5 8.
Re1 Nc6 9. c3 Qc7 10. Nf1 a6 11. Bg5 Re8 12. Qd2 Bg4 13. Bf4 Qd7 14. Ne5 Nxe5
15. Bxe5 Bf5 16. Bxf5 Qxf5 17. Ng3 Qd7 18. f3 b5 19. Ne2 Nh5 20. Bg3 Nxg3 21.
hxg3 h5 22. Nc1 e5 23. dxe5 Bxe5 24. Ne2 Qa7+ 25. Kf1 Rad8 26. f4 Bb8 27. Nd4
Qd7 28. a3 Ba7 29. Rad1 Re4 30. Qd3 Rde8 31. Nf3 Qe6 32. Ne5 Qb6 33. Rxe4 Qf2#
0-1

[Event "LEM M-V 2022"]
[Site "Neubrandenburg, Germany"]
[Date "2022.04.10"]
[Round "3.3"]
[White "Luther, Alexander"]
[Black "Gebert-Vangeel, Ralf"]
[Result "1-0"]
[WhiteElo "2077"]
[BlackElo "2061"]
[PlyCount "115"]
[EventDate "2022.04.09"]

1. d4 d5 2. c4 c6 3. cxd5 cxd5 4. Nc3 Nf6 5. Bf4 a6 6. Rc1 Nc6 7. e3 e6 8. Nf3
Bd6 9. Bd3 O-O 10. O-O Bxf4 11. exf4 Bd7 12. Bb1 Ne7 13. Ne5 Ng6 14. Qf3 Bc6
15. Bxg6 hxg6 16. Nxc6 bxc6 17. Na4 Qa5 18. Qd1 Rac8 19. Rc5 Qc7 20. g3 Nd7 21.
Rc3 Qa5 22. Qc2 Nb8 23. Rc5 Qb4 24. Rd1 Rc7 25. a3 Qb7 26. Rc3 Rfc8 27. Nc5 Qa7
28. Kg2 Qa8 29. h4 Nd7 30. Nxd7 Rxd7 31. Rc5 Qb7 32. b4 Rd6 33. Rc1 Qd7 34. Qe2
Qb7 35. h5 gxh5 36. Qxh5 f6 37. Rh1 Qd7 38. Qg6 Rc7 39. Rh4 Qf7 40. Qh7+ Kf8
41. Qd3 Kg8 42. Rc1 f5 43. Rch1 Qf6 44. Rh8+ Kf7 45. Ra8 Rd8 46. Rxa6 Kg8 47.
Qe3 Rdc8 48. a4 Kf7 49. Rb6 Ra7 50. a5 Raa8 51. Rb7+ Kg6 52. Re1 Rcb8 53. Rxb8
Rxb8 54. Qc3 Kh7 55. a6 Qe7 56. Qxc6 Rxb4 57. a7 Qxa7 58. Rh1+ 1-0

[Event "LEM M-V 2022"]
[Site "Neubrandenburg, Germany"]
[Date "2022.04.10"]
[Round "3.4"]
[White "Großmann, Piet"]
[Black "Röhl, Rainer"]
[Result "1/2-1/2"]
[WhiteElo "1971"]
[BlackElo "1970"]
[PlyCount "83"]
[EventDate "2022.04.09"]

1. e4 d6 2. d4 Nf6 3. Nc3 g6 4. Be3 Bg7 5. Qd2 c6 6. f3 b5 7. g4 h5 8. g5 Nfd7
9. f4 Nb6 10. Bd3 Nc4 11. Bxc4 bxc4 12. O-O-O Qa5 13. Kb1 Nd7 14. Nce2 Qxd2 15.
Rxd2 Nb6 16. Nc3 O-O 17. Nf3 Bh3 18. Nh4 d5 19. f5 Kh7 20. Rf2 dxe4 21. f6 exf6
22. gxf6 Bh6 23. Bxh6 Kxh6 24. Nxe4 Rae8 25. Nc5 Re3 26. Kc1 Rfe8 27. Rg1 Bg4
28. Nb7 g5 29. Nd6 gxh4 30. Nxf7+ Kh7 31. Ne5 Rf8 32. Nxg4 hxg4 33. Rxg4 h3 34.
Rf5 Kh6 35. Kd2 Re6 36. Rf3 Kh5 37. Rg7 Kh4 38. Rfg3 Rfxf6 39. R7g4+ Kh5 40.
Rg5+ Kh6 41. Rg8 Kh7 42. R8g7+ 1/2-1/2

[Event "LEM M-V 2022"]
[Site "Neubrandenburg, Germany"]
[Date "2022.04.10"]
[Round "3.5"]
[White "Fromm, Marius"]
[Black "Schreiber, Felix"]
[Result "1-0"]
[WhiteElo "2341"]
[BlackElo "1984"]
[PlyCount "35"]
[EventDate "2022.04.09"]

1. e4 g6 2. d4 Bg7 3. Nc3 d6 4. Be3 Nf6 5. Qd2 O-O 6. O-O-O Nbd7 7. Bh6 e5 8.
Nf3 exd4 9. Nxd4 Nc5 10. f3 Ne6 11. Bxg7 Kxg7 12. h4 a6 13. g4 h5 14. Be2 Rh8
15. g5 Ne8 16. f4 Kh7 17. f5 N6g7 18. Bc4 1-0

[Event "LEM M-V 2022"]
[Site "Neubrandenburg, Germany"]
[Date "2022.04.10"]
[Round "3.6"]
[White "Helms, Sven"]
[Black "Onasch, Gunnar"]
[Result "1-0"]
[WhiteElo "1933"]
[BlackElo "1822"]
[PlyCount "33"]
[EventDate "2022.04.09"]

1. e4 c5 2. d4 cxd4 3. c3 dxc3 4. Nxc3 e6 5. Nf3 Nc6 6. Bc4 Be7 7. O-O d6 8.
Qe2 Ne5 9. Nxe5 dxe5 10. Rd1 Qc7 11. Be3 Nf6 12. Bb5+ Nd7 13. Rac1 Qa5 14. a3
a6 15. b4 Qxa3 16. Qd2 axb5 17. Nxb5 1-0

[Event "LEM M-V 2022"]
[Site "Neubrandenburg, Germany"]
[Date "2022.04.10"]
[Round "3.8"]
[White "Knoop, Sascha"]
[Black "Wolter, Günter"]
[Result "1-0"]
[WhiteElo "1830"]
[BlackElo "1819"]
[PlyCount "89"]
[EventDate "2022.04.09"]

1. d4 Nf6 2. c4 g6 3. g3 Bg7 4. Bg2 O-O 5. Nf3 d6 6. Nc3 Nbd7 7. O-O e5 8. e4
Re8 9. h3 c6 10. Be3 a6 11. a4 Rb8 12. Qc2 b6 13. Rfd1 Qc7 14. Rac1 Bb7 15. Rd2
c5 16. dxe5 Nxe5 17. Nxe5 dxe5 18. Nd5 Nxd5 19. exd5 Qd6 20. Re1 Bc8 21. b3 Bd7
22. Kh2 f5 23. Rde2 e4 24. Bf4 Be5 25. Bxe5 Rxe5 26. Qd2 Rbe8 27. Qf4 Qf6 28.
h4 Kg7 29. f3 h6 30. fxe4 g5 31. hxg5 hxg5 32. Qf3 f4 33. Kg1 Qh6 34. Rf1 Rh8
35. gxf4 Qh2+ 36. Kf2 gxf4 37. Ke1 Qh4+ 38. Qf2 Qe7 39. Qxf4 Rh4 40. Qg3+ Rg4
41. Qc3 Kg6 42. Kd1 Qg5 43. Qf3 Re7 44. Ref2 Rgxe4 45. Qf6+ 1-0

[Event "LEM M-V 2022"]
[Site "Neubrandenburg, Germany"]
[Date "2022.04.10"]
[Round "3.2"]
[White "Ederle, Artöm"]
[Black "Schulz, Gerhard"]
[Result "1/2-1/2"]
[WhiteElo "1547"]
[BlackElo "1844"]
[PlyCount "126"]
[EventDate "2022.04.09"]

1. e4 d5 2. exd5 Qxd5 3. Nc3 Qd6 4. Nf3 Nf6 5. d4 c6 6. Bc4 Bg4 7. Be3 e6 8.
O-O Be7 9. Re1 O-O 10. Qe2 Nbd7 11. Rad1 Nb6 12. Bb3 Nbd5 13. Nxd5 cxd5 14. Bg5
Rfc8 15. Rd3 b5 16. Qe3 Bf5 17. Bf4 Qd8 18. Rd2 Ne4 19. Rde2 Bg4 20. h3 Bh5 21.
g4 Bg6 22. Ne5 Nd6 23. Nxg6 hxg6 24. Bxd5 exd5 25. Qxe7 Qxe7 26. Rxe7 Nc4 27.
Rb7 Re8 28. Rxe8+ Rxe8 29. Rxb5 Re2 30. Rxd5 Nxb2 31. Rd8+ Kh7 32. d5 Rxc2 33.
Rd7 Nd3 34. Be3 Rxa2 35. Rxf7 Ra5 36. Bd4 Rxd5 37. Rxg7+ Kh6 38. Bf6 g5 39.
Rxa7 Nf4 40. Ra3 Rd1+ 41. Kh2 Rd2 42. Ra5 Rxf2+ 43. Kg3 Nd3 44. Bxg5+ Kg6 45.
Kh4 Rf3 46. Ra6+ Kg7 47. Ra3 Kg6 48. Be7 Re3 49. Bc5 Rf3 50. Bd4 Kf7 51. g5
Rf4+ 52. Kh5 Rxd4 53. Ra7+ Ke6 54. h4 Nf4+ 55. Kh6 Rd6 56. g6 Nxg6 57. Kxg6
Ke5+ 58. Kg7 Kf5 59. h5 Kg5 60. Ra5+ Kh4 61. h6 Rd7+ 62. Kg8 Rd8+ 63. Kf7 Rd7+
1/2-1/2

[Event "LEM M-V 2022"]
[Site "Neubrandenburg, Germany"]
[Date "2022.04.10"]
[Round "3.4"]
[White "Bartel, Jethro Aldrich"]
[Black "Herrmann, Jakob"]
[Result "0-1"]
[WhiteElo "1592"]
[BlackElo "1612"]
[PlyCount "102"]
[EventDate "2022.04.09"]

1. e4 c6 2. d4 d5 3. Nc3 dxe4 4. Nxe4 Bf5 5. Ng3 Bg6 6. h4 h6 7. Nf3 Nd7 8. h5
Bh7 9. Bd3 Bxd3 10. Qxd3 Ngf6 11. Bd2 e6 12. O-O-O Be7 13. Ne4 Nxe4 14. Qxe4
Nf6 15. Qe2 Qd5 16. c4 Qe4 17. Qxe4 Nxe4 18. Be3 O-O-O 19. Ne5 Rhf8 20. d5 cxd5
21. cxd5 Bf6 22. Ng4 exd5 23. Nxf6 Nxf6 24. Bxa7 Rfe8 25. Rd3 Re5 26. Kb1 Rd6
27. Bd4 Rxh5 28. Rxh5 Nxh5 29. Be5 Rg6 30. g3 Nf6 31. Rc3+ Kd8 32. Rc7 Nd7 33.
Bf4 b6 34. Rc3 Re6 35. Rd3 Nf6 36. Be3 Kc7 37. Rc3+ Kb7 38. Kc2 Ne4 39. Rb3
Rc6+ 40. Kd3 Nc5+ 41. Bxc5 Rxc5 42. Kd4 Kc6 43. Rb4 h5 44. f4 f6 45. Rb3 Rc4+
46. Kd3 g5 47. fxg5 fxg5 48. Kd2 h4 49. gxh4 gxh4 50. Rd3 Kc5 51. a3 Rd4 0-1

[Event "LEM M-V 2022"]
[Site "Neubrandenburg, Germany"]
[Date "2022.04.10"]
[Round "3.5"]
[White "Wesener, Lorenz"]
[Black "Birkholz, Karl Lukas"]
[Result "1-0"]
[WhiteElo "1774"]
[BlackElo "1616"]
[PlyCount "113"]
[EventDate "2022.04.09"]

1. d4 d5 2. Bf4 Nf6 3. Nf3 Bf5 4. e3 e6 5. Bd3 Bxd3 6. Qxd3 c6 7. Qb3 Qb6 8.
Qxb6 axb6 9. O-O Nbd7 10. Nbd2 c5 11. c3 Be7 12. Rfe1 O-O 13. h3 Rfe8 14. e4
dxe4 15. Nxe4 Nxe4 16. Rxe4 Nf6 17. Re2 Nd5 18. Bg3 cxd4 19. Nxd4 Bc5 20. Nb5
Rec8 21. a3 Be7 22. Rd1 Rc5 23. c4 Nf6 24. b3 Kf8 25. a4 Ke8 26. Nc7+ Rxc7 27.
Bxc7 Bd8 28. Be5 Be7 29. Bxf6 gxf6 30. Red2 Rd8 31. Rxd8+ Bxd8 32. g4 Bc7 33.
Kg2 Ke7 34. Kf3 Bd6 35. Ke4 Bc5 36. f3 Bd6 37. Ra1 Bb4 38. Rd1 Bd6 39. f4 h6
40. h4 Bc5 41. Kf3 Bd6 42. g5 fxg5 43. fxg5 hxg5 44. h5 Be5 45. h6 f5 46. h7
g4+ 47. Kf2 Bg7 48. Rh1 Bh8 49. Rh6 Kf7 50. Kg2 f4 51. Rh4 f3+ 52. Kg3 Be5+ 53.
Kxg4 f2 54. Rh1 Bd4 55. Kf3 Kg6 56. Ke2 Kf7 57. h8=Q 1-0

[Event "LEM M-V 2022"]
[Site "Neubrandenburg, Germany"]
[Date "2022.04.10"]
[Round "3.6"]
[White "Ehrich, Dieter"]
[Black "Winkler, Karl"]
[Result "1/2-1/2"]
[WhiteElo "1583"]
[BlackElo "1922"]
[PlyCount "75"]
[EventDate "2022.04.09"]

1. c4 Nf6 2. Nc3 d5 3. cxd5 Nxd5 4. g3 e6 5. Bg2 Be7 6. Nf3 O-O 7. O-O Nc6 8.
d4 Bf6 9. Nxd5 exd5 10. a3 Bg4 11. e3 Qd7 12. Qb3 Rab8 13. Bd2 Qf5 14. Ne1 Be2
15. Bxd5 Bxf1 16. Kxf1 Qd7 17. Nd3 Ne7 18. Bg2 b6 19. Rc1 Rbc8 20. Nb4 c5 21.
Nd3 cxd4 22. Nb4 Rxc1+ 23. Bxc1 Qb5+ 24. Kg1 a5 25. Bf1 Qd7 26. Nc2 Rc8 27. Bd2
Qc7 28. Nxd4 Bxd4 29. exd4 Qc2 30. Qe3 Nf5 31. Qf4 Rd8 32. d5 Nd6 33. Bc3 Qf5
34. Qd4 f6 35. Qxb6 Qd7 36. Bxa5 Nb7 37. Bc3 Qxd5 38. Qb4 1/2-1/2

[Event "LEM M-V 2022"]
[Site "Neubrandenburg, Germany"]
[Date "2022.04.10"]
[Round "3.7"]
[White "Wulff, Jens-Peter"]
[Black "Subocz, Gabriel"]
[Result "0-1"]
[WhiteElo "1790"]
[BlackElo "1102"]
[PlyCount "98"]
[EventDate "2022.04.09"]

1. d4 Nf6 2. Bf4 g6 3. Nd2 Bg7 4. c3 O-O 5. e4 d6 6. h3 Qe8 7. Be3 Nbd7 8. Bd3
b6 9. Ne2 e5 10. d5 Nc5 11. Bc2 c6 12. b4 Nb7 13. c4 b5 14. a4 bxc4 15. Nxc4
cxd5 16. exd5 Nh5 17. O-O f5 18. Ra3 f4 19. Bc1 g5 20. g4 Nf6 21. Nc3 Qd8 22.
Qf3 h5 23. Ne4 hxg4 24. Nxf6+ Qxf6 25. hxg4 Qh6 26. Qg2 Kf7 27. Rh3 Qf6 28. Rh5
Rh8 29. Qh3 Ke7 30. Rxh8 Bxh8 31. Qh7+ Qg7 32. Qxg7+ Bxg7 33. f3 Bd7 34. Bb3
Rc8 35. Nd2 Kf7 36. Ne4 Bf6 37. Ba3 Ke7 38. Kg2 a5 39. b5 Nc5 40. Nxd6 Kxd6 41.
Rc1 Bd8 42. Rh1 Bb6 43. Rh6+ Kc7 44. d6+ Kb8 45. Bxc5 Bxc5 46. Bd5 Rd8 47. Rg6
Bc8 48. Rxg5 Bxd6 49. Rg7 Bf8 0-1

[Event "LEM M-V 2022"]
[Site "Neubrandenburg, Germany"]
[Date "2022.04.10"]
[Round "3.9"]
[White "Raitza, Egon"]
[Black "Betke, Arno"]
[Result "1/2-1/2"]
[WhiteElo "1631"]
[BlackElo "1753"]
[PlyCount "75"]
[EventDate "2022.04.09"]

1. d4 e6 2. c4 Nf6 3. Nc3 d5 4. Bg5 Be7 5. e3 Nbd7 6. Nf3 O-O 7. Rc1 b6 8. cxd5
exd5 9. Bd3 Bb7 10. O-O c6 11. Qc2 h6 12. Bh4 Re8 13. Bf5 a5 14. Rfe1 b5 15. h3
Ne4 16. Bxe7 Qxe7 17. Bxd7 Qxd7 18. Ne5 Qe6 19. Nd3 Bc8 20. Nxe4 Qxe4 21. Nc5
Qxc2 22. Rxc2 Ra7 23. a3 Bf5 24. Rcc1 h5 25. Nb3 a4 26. Nd2 Re6 27. Rc5 Ra6 28.
Rec1 Bd3 29. Nf3 f6 30. Ne1 Bc4 31. Nc2 Rb6 32. Nb4 Kf7 33. g3 g5 34. Kg2 Ke7
35. Nc2 Kd6 36. Nb4 f5 37. Rc3 Re4 38. f3 1/2-1/2

[Event "LEM M-V 2022"]
[Site "Neubrandenburg, Germany"]
[Date "2022.04.10"]
[Round "3.11"]
[White "Moritz, Egon"]
[Black "Radloff, Arno"]
[Result "1-0"]
[WhiteElo "1650"]
[BlackElo "1595"]
[PlyCount "87"]
[EventDate "2022.04.09"]

1. d4 Nf6 2. c4 e6 3. Nc3 d5 4. Bf4 Bd6 5. Bxd6 Qxd6 6. c5 Qd8 7. Qc2 c6 8. e3
O-O 9. Nf3 Nbd7 10. Bd3 h6 11. O-O Re8 12. Ne5 Nxe5 13. dxe5 Nd7 14. f4 Nxc5
15. Be2 Qb6 16. Rf3 Rf8 17. a3 f6 18. b4 Nd7 19. Qg6 Rf7 20. Rg3 Kf8 21. Bh5
Nxe5 22. fxe5 Qc7 23. exf6 Kg8 24. fxg7 Qe7 25. Qxh6 Rxg7 26. Rxg7+ Qxg7 27.
Qxg7+ Kxg7 28. Rf1 e5 29. Na4 b6 30. Rf7+ Kg8 31. Rc7 d4 32. exd4 exd4 33. Bf3
d3 34. Nc3 Bf5 35. Kf2 Re8 36. Rxc6 d2 37. Rd6 Rc8 38. Nd1 Rc1 39. Rxd2 Ra1 40.
Ne3 Bg6 41. Bd5+ Kg7 42. Ra2 Rc1 43. a4 Kf6 44. b5 1-0

[Event "LEM M-V 2022"]
[Site "Neubrandenburg, Germany"]
[Date "2022.04.10"]
[Round "3.12"]
[White "Müller, Rosemarie"]
[Black "Langbein, Wolfgang"]
[Result "0-1"]
[WhiteElo "1319"]
[BlackElo "1376"]
[PlyCount "100"]
[EventDate "2022.04.09"]

1. e4 c5 2. Nf3 Nc6 3. d4 cxd4 4. Nxd4 e6 5. Be3 Nge7 6. Bd3 g6 7. c3 Bg7 8.
Nf3 O-O 9. O-O e5 10. Nbd2 b6 11. b4 Bb7 12. Qb3 a6 13. a4 d6 14. Nc4 Nc8 15.
Bg5 N6e7 16. Rad1 h6 17. Be3 Kh7 18. Ncd2 d5 19. Qb2 dxe4 20. Nxe4 f5 21. Bc2
Qc7 22. Neg5+ hxg5 23. Nxg5+ Kh8 24. Ne6 Qc6 25. f3 Qxe6 26. Bb3 Qc6 27. Qd2
Kh7 28. c4 f4 29. b5 axb5 30. cxb5 Qf6 31. Bf2 Nf5 32. Rc1 Rd8 33. Qb4 Nd4 34.
Bd1 Qg5 35. Bxd4 Rxd4 36. Qb1 Nd6 37. Rf2 Nc4 38. Qb3 Ne3 39. Be2 Raxa4 40. Qe6
Qf6 41. Qxf6 Bxf6 42. Rc7+ Kh6 43. h3 Bd5 44. Rd7 Ra1+ 45. Kh2 Nf5 46. Rf1 Rxf1
47. Bxf1 Ng3 48. Rd6 Kg5 49. Rxb6 Rd1 50. h4+ Kxh4 0-1

[Event "LEM M-V 2022"]
[Site "Neubrandenburg, Germany"]
[Date "2022.04.10"]
[Round "4.1"]
[White "Schreiber, Kevin"]
[Black "Westphal, Wolfgang"]
[Result "0-1"]
[WhiteElo "2017"]
[BlackElo "2145"]
[PlyCount "110"]
[EventDate "2022.04.09"]

1. d4 Nf6 2. Bf4 c6 3. e3 Qb6 4. b3 d6 5. Bd3 g6 6. c4 Bg7 7. Nd2 Nh5 8. Bg5 e5
9. g4 Nf6 10. dxe5 Nxg4 11. exd6 O-O 12. Be7 Re8 13. Rc1 c5 14. h3 Ne5 15. Ndf3
Nxd3+ 16. Qxd3 Nc6 17. Rd1 Bf5 18. e4 Nxe7 19. exf5 Nxf5+ 20. Ne2 Rad8 21. d7
Re7 22. O-O Qf6 23. Kg2 Nd4 24. Nexd4 Rexd7 25. Rfe1 cxd4 26. Qe4 h6 27. Rd3
Kh7 28. Re2 Qb6 29. Ne1 Rd6 30. c5 Qxc5 31. Qxb7 R8d7 32. Qe4 Re6 33. Qf3 Qg5+
34. Kh1 Rxe2 35. Qxe2 Re7 36. Qd1 Qd5+ 37. Kg1 Qe5 38. Nf3 Qf5 39. Kg2 Qe4 40.
b4 Rc7 41. Kf1 Rc3 42. Ne1 Qh1+ 43. Ke2 Qb7 44. Rxc3 dxc3 45. Qb1 Qb5+ 46. Kf3
Qd5+ 47. Qe4 Qxa2 48. Nc2 Qb1 49. Kg2 Qd1 50. b5 f5 51. Qa4 f4 52. Qe4 f3+ 53.
Kg3 Qd7 54. Kxf3 Qxh3+ 55. Ke2 Qh5+ 0-1

[Event "LEM M-V 2022"]
[Site "Neubrandenburg, Germany"]
[Date "2022.04.10"]
[Round "4.2"]
[White "Fromm, Marius"]
[Black "Luther, Alexander"]
[Result "1-0"]
[WhiteElo "2341"]
[BlackElo "2077"]
[PlyCount "61"]
[EventDate "2022.04.09"]

1. e4 c5 2. Nf3 d6 3. Bb5+ Nd7 4. d4 cxd4 5. Qxd4 a6 6. Be2 e5 7. Qe3 Ngf6 8.
c4 Nc5 9. Nc3 Bd7 10. O-O Bc6 11. Nd2 Be7 12. Rd1 O-O 13. b3 Nfd7 14. b4 Bg5
15. Qh3 Na4 16. b5 axb5 17. cxb5 Nxc3 18. Qxc3 Bxd2 19. Qxd2 Bxe4 20. Qxd6 Bf5
21. a4 Qh4 22. a5 Nf6 23. Qxe5 Ng4 24. Qg3 Qf6 25. Ba3 Rxa5 26. Bxg4 Bc2 27.
Re1 Rfa8 28. Rac1 h5 29. Be7 Qb2 30. Be2 Ra1 31. Rxa1 1-0

[Event "LEM M-V 2022"]
[Site "Neubrandenburg, Germany"]
[Date "2022.04.10"]
[Round "4.3"]
[White "Schulz, Karsten"]
[Black "Röhl, Rainer"]
[Result "1/2-1/2"]
[WhiteElo "2301"]
[BlackElo "1970"]
[PlyCount "20"]
[EventDate "2022.04.09"]

1. Nf3 g6 2. c4 c5 3. Nc3 Nc6 4. g3 Bg7 5. Bg2 d6 6. Rb1 e5 7. a3 a5 8. O-O
Nge7 9. Ne1 O-O 10. Nc2 Rb8 1/2-1/2

[Event "LEM M-V 2022"]
[Site "Neubrandenburg, Germany"]
[Date "2022.04.10"]
[Round "4.4"]
[White "Gebert-Vangeel, Ralf"]
[Black "Grossmann, Piet"]
[Result "1-0"]
[WhiteElo "2061"]
[BlackElo "1971"]
[PlyCount "77"]
[EventDate "2022.04.09"]

1. e4 e6 2. d4 d5 3. Nc3 Nf6 4. Bg5 Bb4 5. e5 h6 6. Bd2 Bxc3 7. bxc3 Ne4 8. Bd3
Nxd2 9. Qxd2 c5 10. f4 Nc6 11. Bb5 Qa5 12. Bxc6+ bxc6 13. Nf3 Ba6 14. dxc5 Rb8
15. Kf2 Kd7 16. g4 Rb2 17. Nd4 Qxc5 18. Kg3 Bc4 19. Nb3 Qa3 20. Qc1 Rb8 21. Rd1
Kc7 22. f5 a5 23. fxe6 fxe6 24. Qf4 Qe7 25. Qf2 Qg5 26. Re1 h5 27. h3 hxg4 28.
hxg4 Rxc2 29. Qxc2 Rh8 30. Qg2 Rh4 31. Qf3 Rh6 32. Rh1 Qxe5+ 33. Kg2 Rf6 34.
Qg3 Rf4 35. Rhe1 Be2 36. Nd4 Qe4+ 37. Kh2 e5 38. Rxe2 Qh7+ 39. Kg2 1-0

[Event "LEM M-V 2022"]
[Site "Neubrandenburg, Germany"]
[Date "2022.04.10"]
[Round "4.5"]
[White "Kriese, Ralf"]
[Black "Patzenhauer, Max"]
[Result "0-1"]
[WhiteElo "1700"]
[BlackElo "1938"]
[PlyCount "46"]
[EventDate "2022.04.09"]

1. d4 g6 2. c4 Bg7 3. Nc3 d6 4. e4 Nc6 5. Nf3 e5 6. d5 Nce7 7. Bd3 f5 8. Bd2
Nf6 9. Qc2 h6 10. Nh4 f4 11. O-O-O c6 12. g3 g5 13. Ng2 Qb6 14. gxf4 exf4 15.
Rdg1 Qxf2 16. Nxf4 Ng4 17. Rf1 Qb6 18. Na4 Qc7 19. Nh5 Bd4 20. Rf3 Ne5 21. Nf6+
Kf7 22. Rhf1 Nxf3 23. Rxf3 Bxf6 0-1

[Event "LEM M-V 2022"]
[Site "Neubrandenburg, Germany"]
[Date "2022.04.10"]
[Round "4.6"]
[White "Schreiber, Felix"]
[Black "Helms, Sven"]
[Result "1/2-1/2"]
[WhiteElo "1984"]
[BlackElo "1933"]
[PlyCount "102"]
[EventDate "2022.04.09"]

1. d4 d5 2. Bf4 e6 3. e3 f5 4. Nf3 Nf6 5. h3 Be7 6. Bd3 Ne4 7. Ne5 O-O 8. O-O
Nd7 9. c4 c6 10. Nc3 Nxe5 11. Bxe5 Nxc3 12. bxc3 Bd7 13. Qb3 Qb6 14. c5 Qxb3
15. axb3 a6 16. f3 Be8 17. Kf2 g5 18. f4 h6 19. Rh1 Bg6 20. Ke2 Bf6 21. Bd6 Rf7
22. Rag1 Kh7 23. g4 Rg8 24. h4 gxh4 25. g5 Bh5+ 26. Kf2 hxg5 27. fxg5 Bxg5 28.
Rxg5 Rxg5 29. Bf4 Rgg7 30. Rxh4 Kg6 31. Rh1 Rh7 32. Rg1+ Kf6 33. Be5+ Ke7 34.
Bd6+ Kf6 35. Be5+ Ke7 36. Rg8 Bg4 37. Rb8 Rh1 38. Rxb7+ Ke8 39. Rb8+ Kd7 40.
Bxa6 Rfh7 41. Rc8 R7h3 42. Rc7+ Kd8 43. Rxc6 Rf3+ 44. Kg2 Rb1 45. Rc8+ Ke7 46.
Rc7+ Kf8 47. Bd6+ Kg8 48. Rc8+ Kh7 49. c6 Rb2+ 50. Kg1 Rb1+ 51. Kg2 Rb2+
1/2-1/2